[Event "AUT-ch U08 Online Rapid"]
[Site "Playchess.com INT"]
[Date "2020.12.13"]
[Round "7"]
[White "Burger, Edgar"]
[Black "Seikmann, Jim"]
[Result "0-1"]
[WhiteElo "1578"]
[BlackElo "1733"]
[PlyCount "56"]
[EventDate "2020.12.13"]
[EventType "swiss (rapid)"]
[EventRounds "7"]
[EventCountry "AUT"]
[SourceTitle "EXT 2022"]
[Source "ChessBase"]
[SourceDate "2021.10.06"]
[SourceVersion "1"]
[SourceVersionDate "2021.10.06"]
[SourceQuality "1"]

1. e4 c6 2. Nf3 d5 3. exd5 cxd5 4. Nc3 Nc6 5. Bb5 Bg4 6. Bxc6+ bxc6 7. 0-0 e5 8. h3 Bh5 9. g4 Bg6 10. Nxe5 Qd6 11. Re1 Be7 12. d3 Nf6 13. Bg5 0-0 14. Qf3 h6 15. Nxg6 fxg6 16. Bf4 Qd7 17. d4 Ne8 18. Qg3 Qd8 19. Bc7 Nxc7 20. Na4 Bh4 21. Qe3 Bxf2+ 22. Qxf2 Rxf2 23. Kxf2 Qf6+ 24. Kg2 Qxd4 25. b3 Rf8 26. c3 Qf2+ 27. Kh1 Qg3 28. Rg1 Qxh3# 0-1